Engineering Chemistry (Record no. 4000)

MARC details
000 -LEADER
fixed length control field 00337nam a2200145Ia 4500
008 - FIXED-LENGTH DATA ELEMENTS--GENERAL INFORMATION
fixed length control field 191201s2009 xx 000 0 und d
082 ## - DEWEY DECIMAL CLASSIFICATION NUMBER
Classification number 540
Item number SRE
100 ## - MAIN ENTRY--PERSONAL NAME
Personal name SHRIVASTAVA, H C
245 #0 - TITLE STATEMENT
Title Engineering Chemistry
250 ## - EDITION STATEMENT
Edition statement 9
260 ## - PUBLICATION, DISTRIBUTION, ETC. (IMPRINT)
Place of publication, distribution, etc Meerut
Name of publisher, distributor, etc Pragati Prakashan
Date of publication, distribution, etc 2009
300 ## - PHYSICAL DESCRIPTION
Extent 292
650 ## - SUBJECT ADDED ENTRY--TOPICAL TERM
Topical term or geographic name as entry element Applied
942 ## - ADDED ENTRY ELEMENTS (KOHA)
Source of classification or shelving scheme Dewey Decimal Classification
Koha item type Text Books
Holdings
Withdrawn status Lost status Source of classification or shelving scheme Damaged status Not for loan Collection code Home library Current library Date acquired Source of acquisition Cost, normal purchase price Bill Number Total Checkouts Full call number Acc. no. / Barcode Checked out Date last seen Date last borrowed Bill Date Koha item type
    Dewey Decimal Classification     Applied Sc. PIET C-LIBRARY PIET C-LIBRARY 20/07/2009 J B C, New Delhi 160.00 SI-1462 1 540 SRE 12756 17/11/2020 03/11/2020 03/11/2020 11/07/2009 Text Books
    Dewey Decimal Classification     Applied Sc. PIET C-LIBRARY PIET C-LIBRARY 20/07/2009 J B C, New Delhi 160.00 SI-1462   540 SRE 12757   04/12/2019   11/07/2009 Text Books
    Dewey Decimal Classification     Applied Sc. PIET C-LIBRARY PIET C-LIBRARY 20/07/2009 J B C, New Delhi 160.00 SI-1462   540 SRE 12758   04/12/2019   11/07/2009 Text Books
    Dewey Decimal Classification     Applied Sc. PIET C-LIBRARY PIET C-LIBRARY 20/07/2009 J B C, New Delhi 160.00 SI-1462 1 540 SRE 12759   17/07/2020 16/03/2020 11/07/2009 Text Books
    Dewey Decimal Classification     Applied Sc. PIET C-LIBRARY PIET C-LIBRARY 20/07/2009 J B C, New Delhi 160.00 SI-1462 1 540 SRE 12760   19/12/2024 03/12/2024 11/07/2009 Text Books

Design & Developed by: PIET Central Library
R70 Miles Stone Pattikalyana Samalkha Panipat 132102
mail ID :- [email protected], Phone No:- 0180-2569700 Ex.216